WWE WrestleMania XXX Match Card - Statistics

General Stats
  • This quiz has been taken 24 times
  • The average score is 45 of 68
Answer Stats
Match type Wrestler % Correct
Singles Triple H
100%
André the Giant Memorial Battle Royal Big Show
95%
Triple threat Randy Orton
95%
Singles Brock Lesnar
90%
Fatal four-way tag team elimination Cesaro
90%
André the Giant Memorial Battle Royal Cesaro
90%
Singles Daniel Bryan
90%
Triple threat Daniel Bryan
90%
Six-man tag team Dean Ambrose
90%
Singles John Cena
90%
Six-man tag team Kane
90%
Six-man tag team Roman Reigns
90%
Six-man tag team Seth Rollins
90%
Singles The Undertaker
90%
Triple threat Batista
85%
Singles Bray Wyatt
85%
André the Giant Memorial Battle Royal Dolph Ziggler
85%
André the Giant Memorial Battle Royal The Miz
85%
Vickie Guerrero Invitational AJ Lee
80%
Fatal four-way tag team elimination Jack Swagger
80%
Vickie Guerrero Invitational Natalya
80%
André the Giant Memorial Battle Royal Sheamus
80%
André the Giant Memorial Battle Royal Alberto Del Rio
75%
Vickie Guerrero Invitational Brie Bella
75%
André the Giant Memorial Battle Royal Cody Rhodes
75%
André the Giant Memorial Battle Royal Kofi Kingston
75%
Vickie Guerrero Invitational Nikki Bella
75%
Fatal four-way tag team elimination Ryback
75%
Vickie Guerrero Invitational Tamina Snuka
75%
André the Giant Memorial Battle Royal Big E
70%
Six-man tag team Billy Gunn
70%
Fatal four-way tag team elimination Jey Uso
70%
Fatal four-way tag team elimination Jimmy Uso
70%
Six-man tag team Road Dogg
70%
Fatal four-way tag team elimination Curtis Axel
65%
Fatal four-way tag team elimination Diego
65%
André the Giant Memorial Battle Royal Rey Mysterio
65%
André the Giant Memorial Battle Royal The Great Khali
65%
André the Giant Memorial Battle Royal Xavier Woods
65%
André the Giant Memorial Battle Royal Darren Young
60%
André the Giant Memorial Battle Royal David Otunga
60%
Vickie Guerrero Invitational Eva Marie
60%
Fatal four-way tag team elimination Fernando
60%
André the Giant Memorial Battle Royal Goldust
60%
Vickie Guerrero Invitational Layla
60%
André the Giant Memorial Battle Royal Titus O'Neil
60%
Vickie Guerrero Invitational Cameron
55%
André the Giant Memorial Battle Royal Drew McIntyre
55%
André the Giant Memorial Battle Royal Mark Henry
55%
Vickie Guerrero Invitational Naomi
55%
André the Giant Memorial Battle Royal Tyson Kidd
55%
Vickie Guerrero Invitational Emma
50%
André the Giant Memorial Battle Royal Fandango
50%
André the Giant Memorial Battle Royal Heath Slater
50%
André the Giant Memorial Battle Royal Brodus Clay
45%
André the Giant Memorial Battle Royal Jinder Mahal
45%
André the Giant Memorial Battle Royal Justin Gabriel
45%
Vickie Guerrero Invitational Rosa Mendes
45%
André the Giant Memorial Battle Royal R-Truth
45%
Vickie Guerrero Invitational Summer Rae
45%
André the Giant Memorial Battle Royal Zack Ryder
45%
Vickie Guerrero Invitational Alicia Fox
40%
André the Giant Memorial Battle Royal Brad Maddox
40%
André the Giant Memorial Battle Royal Yoshi Tatsu
40%
Vickie Guerrero Invitational Aksana
35%
André the Giant Memorial Battle Royal Santino Marella
35%
André the Giant Memorial Battle Royal Sin Cara
35%
André the Giant Memorial Battle Royal Damien Mizdow
20%
No matching quizzes found
Score Distribution
Percent of People with Each Score
Percentile by Number Answered
Your Score History
You have not taken this quiz